| 000 -CABECERA |
| Campo de control de longitud fija |
00772nam a22001697a 4500 |
| 005 - FECHA Y HORA DE LA ÚLTIMA TRANSACCIÓN |
| Campo de control |
20211117114904.0 |
| 008 - CAMPO FIJO DE DESCRIPCIÓN FIJA--INFORMACIÓN GENERAL |
| Campo de control de longitud fija |
211117b ||||| |||| 00| 0 eng d |
| 020 ## - ISBN (INTERNATIONAL STANDARD BOOK NUMBER) |
| ISBN |
9788493375039 |
| 040 ## - FUENTE DE CATALOGACIÓN |
| Agencia de catalogación original |
CDMR |
| 100 ## - ENCABEZAMIENTO PRINCIPAL--NOMBRE PERSONAL |
| 9 (RLIN) |
4701 |
| Nombre de persona |
Gassió, Ramon |
| 245 ## - MENCIÓN DE TÍTULO |
| Título |
Réquiem por los triunfadores mediáticos : |
| Parte restante del título |
el enriquecimiento fácil, fraudulento y especulador, inservible al país, bajo el auspicio del Poder, que en las mayorías absolutas ha vivido disfrazado de amor y servicio a Catalunya: el binomio mediático Joaquim M. Puyal - Ramón Fusté / |
| Mención de responsabilidad, etc. |
Ramón Gassió Mónico |
| 260 ## - PUBLICACIÓN, DISTRIBUCIÓN, ETC (PIE DE IMPRENTA) |
| Lugar de publicación, distribución, etc. |
Barcelona : |
| Nombre del editor, distribuidor, etc. |
Ramón Gassió Mónico, |
| Fecha de publicación, distribución, etc. |
2005 |
| 300 ## - DESCRIPCIÓN FÍSICA |
| Extensión |
190 pàgines |
| Otros detalles físicos |
; fotografies |
| 600 10 - ASIENTO SECUNDARIO DE MATERIA--NOMBRE PERSONAL |
| 9 (RLIN) |
2955 |
| Nombre de persona |
Puyal i Ortiga, Joaquim Maria |
| 600 #0 - ASIENTO SECUNDARIO DE MATERIA--NOMBRE PERSONAL |
| 9 (RLIN) |
4702 |
| Nombre de persona |
Fusté, Ramon |
| 942 ## - ELEMENTOS KOHA |
| Fuente de clasificación o esquema de ordenación en estanterías |
|
| Koha tipo de item |
Monografies |